LEADER 01062nam0-22003131i-450- 001 990003862660403321 005 20080122095134.0 035 $a000386266 035 $aFED01000386266 035 $a(Aleph)000386266FED01 035 $a000386266 100 $a20030910d--------km-y0itay50------ba 101 0 $aita 102 $aIT 200 1 $aTrade Union Government and Collective Bargaining$eSome Critical Issues$fEdited by Joel Seidman$gForeword by George P. Shultz. 210 $aNew York$cFrederick A. Praeger$cin cooperation with the Graduate School of Business of the University of Chicago$d1970. 215 $axxv, 304 p.$d24 cm 225 1 $aPraeger Special Studies in U.S. Economic and Social Development 610 0 $aSindacati$aStati Uniti 676 $aF/1.221 676 $aG/2.43 702 1$aSeidman,$bJoel 801 0$aIT$bUNINA$gRICA$2UNIMARC 901 $aBK 912 $a990003862660403321 952 $aG/2.43 TRA/70$b043806$fSES 959 $aSES 996 $aTrade Union Government and Collective Bargaining$9514546 997 $aUNINA LEADER 01591nam2 2200373 i 450 001 CFI0074693 005 20251003044118.0 010 $a881315948X 020 $aIT$b88-10349 100 $a20200326d1988 ||||0itac50 ba 101 | $aita 102 $ait 181 1$6z01$ai $bxxxe 182 1$6z01$an 183 1$6z01$anc$2RDAcarrier 200 1 $a12/13$eCalcolo delle probabilità$fGiandemetrio Marangoni, Alberto Guerrini 210 $aPadova$cCEDAM$d1988 215 $aVIII, 326 p.$cill.$d25 cm 300 $aCfr. BNI 88-4332. 461 1$1001CFI0012735$12001 $aEsercitazioni di matematica$fGiandemetrio Marangoni$v12/13 606 $aCalcolo delle probabilità$xEsercizi$2FIR$3CFIC019817$9E 606 $aCalcolo delle probabilità$2FIR$3CFIC002424$9E 676 $a519.2$9PROBABILITA$v23 700 1$aMarangoni$b, Giandemetrio$3CFIV008039$4070$0120442 701 1$aGuerrini$b, Alberto$3CFIV047417$4070$0613260 790 1$aMarangoni$b, G. D.$3CFIV158665$zMarangoni, Giandemetrio 790 1$aMarangoni$b, G. D.$3CFIV158665$zMarangoni, Giandemetrio 801 3$aIT$bIT-000000$c20200326 850 $aIT-BN0095 $aIT-NA0079 $aIT-NA0070 912 $aCFI0074693 950 2$aBiblioteca Centralizzata di Ateneo$d 01M/S (AR) 2 635$e 01AR 0070026355 VMA A4 1 v.$fY $h20231123$i20231123$d 01M/S (AR) 26 246$e 01AR 0700262465 VMA 1 v.$fY $h20240229$i20240229 977 $a 01$a BN$a BU 996 $a12$93591887 997 $aUNISANNIO